000 01284nam a2200325 i 4500
003 DO-SdBNP
005 20250205102200.0
007 ta
008 190719 1989 dr a 000 spa d
040 _aDO-SdBNP
_bspa
_cBNPHU
_erda
082 _axxx
_bD449
_222
100 1 _aMartínez de Isidor, Migdalia
_984032
245 1 0 _aDescubramos el mundo :
_btercer grado nivel primaria /
_cMigdalia Martínez de Isidor, Belén Capestany ; ilustración Julio César Martínez
246 _aLibros de texto :
_blengua materna
250 _a3a. edición corregida
264 _aSanto Domingo :
_bSecretaría de Estado de Educación Bellas Artes y Cultos,
_bTaller,
_c1989.
300 _a153 paginas . :
_bilustraciones ;
_c28 cm.
336 _2rdacontent
_atexto
_btxt
337 _2rdamedia
_asin mediación
_bn
338 _2rdacarrier
_avolumen
_bnc
500 _aTercer grado - nivel primario
500 _aPlan social Educativo. Instituto de Auxilios y Viviendas.
521 _aPrimaria
590 _aInventariado, 2023/ YL
700 _aCapestany, Belén
_937789
_eAutora
700 _aMartínez, Julio César
_eIlustaciones
_91263
710 1 _aRepública Dominicana.
_bSecretaría de Estado de Educación, Bellas Artes y Cultos
_923965
910 _aYLockward
942 _2ddc
_cLBS1
999 _c54570
_d54570